Pentecostalism (Record no. 6119)
[ view plain ]
| 000 -LEADER | |
|---|---|
| fixed length control field | 00872nam a2200253I 4500 |
| 001 - CONTROL NUMBER | |
| control field | 825805 |
| 003 - CONTROL NUMBER IDENTIFIER | |
| control field | OSt |
| 005 - DATE AND TIME OF LATEST TRANSACTION | |
| control field | 20190115190915.0 |
| 008 - FIXED-LENGTH DATA ELEMENTS--GENERAL INFORMATION | |
| fixed length control field | 740311c19711966xx 000 0 eng d |
| 035 ## - SYSTEM CONTROL NUMBER | |
| System control number | 4941162 |
| 040 ## - CATALOGING SOURCE | |
| Original cataloging agency | BAN |
| Transcribing agency | BAN |
| Modifying agency | OSU |
| 082 ## - DEWEY DECIMAL CLASSIFICATION NUMBER | |
| Classification number | 230.9 |
| Item number | N595p |
| 090 ## - LOCALLY ASSIGNED LC-TYPE CALL NUMBER (OCLC); LOCAL CALL NUMBER (RLIN) | |
| Classification number (OCLC) (R) ; Classification number, CALL (RLIN) (NR) | BX8763 |
| Local cutter number (OCLC) ; Book number/undivided call number, CALL (RLIN) | .N54 1971 |
| 090 00 - LOCALLY ASSIGNED LC-TYPE CALL NUMBER (OCLC); LOCAL CALL NUMBER (RLIN) | |
| Classification number (OCLC) (R) ; Classification number, CALL (RLIN) (NR) | BX8763 |
| Local cutter number (OCLC) ; Book number/undivided call number, CALL (RLIN) | .N54 1971 |
| 100 1# - MAIN ENTRY--PERSONAL NAME | |
| Personal name | Nichol, John Thomas |
| 245 10 - TITLE STATEMENT | |
| Title | Pentecostalism |
| 260 ## - PUBLICATION, DISTRIBUTION, ETC. | |
| Place of publication, distribution, etc. | Plainfield, N.J., |
| Name of publisher, distributor, etc. | Logos International |
| Date of publication, distribution, etc. | [1971, c1966] |
| 300 ## - PHYSICAL DESCRIPTION | |
| Extent | xv, 264 p. |
| Dimensions | 21 cm |
| 500 ## - GENERAL NOTE | |
| General note | "Much of this material was originally submitted to satisfy the doctoral requirements at the Boston University Graduate School." |
| 500 ## - GENERAL NOTE | |
| General note | Cover title: The Pentecostals; the study of the growth and development of a vital new force appearing in the Christian church |
| 650 #0 - SUBJECT ADDED ENTRY--TOPICAL TERM | |
| Topical term or geographic name entry element | Pentecostal churches |
| 740 41 - ADDED ENTRY--UNCONTROLLED RELATED/ANALYTICAL TITLE | |
| Uncontrolled related/analytical title | The Pentecostals |
| 942 ## - ADDED ENTRY ELEMENTS (KOHA) | |
| Source of classification or shelving scheme | Dewey Decimal Classification |
| Koha item type | Books |
| Withdrawn status | Lost status | Source of classification or shelving scheme | Damaged status | Not for loan | Collection code | Home library | Current library | Shelving location | Date acquired | Cost, normal purchase price | Total Checkouts | Full call number | Barcode | Date last seen | Price effective from | Koha item type |
|---|---|---|---|---|---|---|---|---|---|---|---|---|---|---|---|---|
| Dewey Decimal Classification | Non-fiction | Harvest Mission College | Harvest Mission College | General Stacks | 15.01.2019 | 250.00 | 230.9 N595p | 007091 | 15.01.2019 | 15.01.2019 | Books |
